[Event "Cattolica op"]
[Site "Cattolica"]
[Date "1989.??.??"]
[Round "?"]
[White "Barle, Janez"]
[Black "Werner, Marc"]
[Result "1/2-1/2"]
[WhiteElo "2420"]
[BlackElo "2350"]

1.Nf3 e6 2.c4 c5 3.Nc3 Nf6 4.e3 b6 5.d4 d6 6.Be2 Be7 7.O-O O-O 8.b3 cxd4
9.exd4 d5 10.cxd5 exd5 11.Ne5 Bb7 12.Bg5 a6 13.Rc1 Nbd7 14.Re1 Re8 15.Bd3 Nf8
16.Qf3 Ra7 17.Ne2 Ne6 18.Bh4 Ba8 19.Qh3 Ne4 20.Bxe7 Raxe7 21.Bxa6 Nxd4 22.Nxd4 Rxe5
23.f4 Ng5 24.Qc3 Rxe1+ 25.Rxe1 Rxe1+ 26.Qxe1 Ne4 27.Bd3 Qf6 28.Qe3 Bb7 29.h3 g6
30.Kh2 Qd6 31.Nf3 h5 32.g3 Qc5 33.Qxc5 bxc5 34.Bxe4 dxe4 35.Ne1 Bd5 36.Kg1 c4
37.bxc4 Bxc4 38.a4 f5 39.Kf2 Kf7 40.Ke3 Ke6 41.Nc2 Kd5 42.Nd4 Ba6 43.a5 Bf1
44.h4 Bc4 45.Nc2 Kc5 46.Nd4 Bd5 47.a6 Kb6 48.Nc2 Bc4 49.Nb4 Bxa6 50.Nd5+ Kc5
51.Ne7 Bc4 52.Nxg6 Bf7 53.Nf8 Kd5 54.Nd7 Bg6 55.Nb6+ Kc5 56.Nc8 Bf7 57.Ne7 Be6
58.Kd2 Kd4 59.Nc6+ Kc5 60.Ne5 Kd4 61.Nc6+ Kc5  1/2-1/2

[Event "Cheliabinsk"]
[Site "Cheliabinsk"]
[Date "1989.??.??"]
[Round "?"]
[White "Hoang Than Trang"]
[Black "Arsovic, Zoran"]
[Result "0-1"]
[WhiteElo "2200"]
[BlackElo "2380"]

1.Nf3 c5 2.c4 Nf6 3.Nc3 e6 4.e4 Nc6 5.d3 d6 6.g3 b6 7.Bg2 Bb7 8.O-O Be7 9.d4 cxd4
10.Nxd4 Nxd4 11.Qxd4 O-O 12.Rd1 a6 13.Be3 Rc8 14.b3 Nd7 15.Rac1 Qc7 16.f4 Rfd8
17.g4 Qb8 18.g5 Qa8 19.h4 Nc5 20.b4 Nd7 21.h5 e5 22.Qd3 exf4 23.Bxf4 Ne5
24.Qe2 Re8 25.Nd5 Bd8 26.Bh3 Rc6 27.Ne3 Bc8 28.Bg2 Qb8 29.Nf5 Be6 30.Rd4 Rxc4
31.Rcxc4 Nxc4 32.Nxd6 Nxd6 33.Bxd6 Qc8 34.Qd2 b5 35.Bc5 Bc7 36.Rd3 Bc4 37.Rd7 Bf4
38.Qd4 Be3+ 39.Qxe3 Qxd7 40.Qd4 Qxd4+ 41.Bxd4 Rd8 42.Be3 Bxa2 43.Kf2 a5 44.bxa5 b4
45.Bf1 Bb1 46.Bc4 Bxe4 47.Ke2 Bd5 48.Bd3 Bf3+ 49.Kxf3 Rxd3 50.Ke2 Rd8  0-1

[Event "Cheliabinsk"]
[Site "Cheliabinsk"]
[Date "1989.??.??"]
[Round "?"]
[White "Ulibin, Mikhail"]
[Black "Arsovic, Zoran"]
[Result "1-0"]
[WhiteElo "2495"]
[BlackElo "2380"]

1.Nf3 c5 2.c4 Nf6 3.Nc3 e6 4.g3 b6 5.Bg2 Bb7 6.O-O a6 7.b3 d6 8.d4 cxd4 9.Qxd4 Nbd7
10.Rd1 Be7 11.e4 Qc8 12.Qe3 O-O 13.Bb2 Qc7 14.Rac1 Rac8 15.Qe2 Rfe8 16.Nd4 Bf8
17.Re1 Qb8 18.Rcd1 g6 19.Qd2 Qa8 20.Nc2 Red8 21.Qf4 b5 22.cxb5 axb5 23.Nb4 h6
24.a3 Nh5 25.Qe3 Qa5 26.Ne2 Nhf6 27.h3 h5 28.Qf4 e5 29.Qe3 Nc5 30.Nc3 Nxb3
31.Nxb5 Nc5 32.Nc3 Kh7 33.Qg5 Ng8 34.Ncd5 Bh6 35.Qh4 Ne6 36.g4 Bxd5 37.Rxd5 Qa4
38.gxh5 g5 39.Qg4 Ng7 40.Rxd6 Rxd6 41.Qxc8 Nxh5 42.Bxe5 Re6 43.Qc3 Qe8 44.Nd3 f6
45.Bd4 Re7 46.Bf3 Ng7 47.e5 f5 48.Nc5 Nh5 49.Qd3 Ng7 50.Re2 Qg6 51.a4 g4
52.hxg4 Bf4 53.Bg2 Nh6 54.gxf5 Ngxf5 55.Bb2 Rg7 56.Qe4 Nh4 57.e6 Nf3+ 58.Kh1 Nf5
59.Qxf3 Nd4 60.Qe4 Nxe2 61.Bxg7  1-0

[Event "Copenhagen op"]
[Site "Copenhagen"]
[Date "1989.??.??"]
[Round "2"]
[White "Adamski, Jan"]
[Black "Bronnum, Jan"]
[Result "1-0"]
[WhiteElo "2435"]
[BlackElo "2285"]

1.Nf3 Nf6 2.c4 c5 3.Nc3 d5 4.cxd5 Nxd5 5.g3 Nc6 6.Bg2 Nc7 7.O-O e5 8.a3 f6
9.d3 Be7 10.Be3 O-O 11.Rc1 Bd7 12.Nd2 Rb8 13.Nd5 Ne6 14.Nxe7+ Qxe7 15.Bd5 Nd4
16.Ne4 b6 17.b4 cxb4 18.Bxd4 exd4 19.Rc7 Kh8 20.Rxa7 f5 21.Bxe6 Qxe6 22.Ng5 Qd5
23.axb4 f4 24.Qd2 fxg3 25.hxg3 h6 26.Ne4 Bf5 27.Rc1 Ra8 28.Rxa8 Rxa8 29.Qf4 Re8
30.f3 Bxe4 31.dxe4 Qa2 32.Kf1 Qb2 33.Rd1 Qxb4 34.Qd2 Qd6 35.Qxd4 Qxg3 36.Qxb6 h5
37.Qf2 Qg5 38.Rd5 Qh6 39.Qc5 g6 40.Qc7 Rg8 41.e5 g5 42.Rd6 Qf8 43.Rf6 Qg7
44.Qd6 Kh7 45.Qe6 Rf8 46.Qf5+ Kg8 47.Rxf8+  1-0

[Event "Copenhagen Obro op"]
[Site "Copenhagen"]
[Date "1989.??.??"]
[Round "6"]
[White "Bang, Andreas"]
[Black "Schandorff, Lars"]
[Result "1/2-1/2"]
[WhiteElo "2320"]
[BlackElo "2455"]

1.Nf3 Nf6 2.c4 c5 3.Nc3 d5 4.cxd5 Nxd5 5.d4 Nxc3 6.bxc3 g6 7.Bf4 Qa5 8.Qd2 Bg7
9.Ne5 O-O 10.e3 Nc6 11.Nc4 Qd8 12.d5 Na5 13.e4 Nxc4 14.Bxc4 b5 15.Be2 e6
16.Rc1 exd5 17.exd5 Bb7 18.c4 bxc4 19.Bxc4 Bd4 20.Be3 Bxd5 21.Bxd4 cxd4 22.O-O Bb7
23.Rcd1 Qb6  1/2-1/2

[Event "Copenhagen Obro op"]
[Site "Copenhagen"]
[Date "1989.??.??"]
[Round "7"]
[White "Adamski, Jan"]
[Black "Tiberkov, Ivan"]
[Result "1/2-1/2"]
[WhiteElo "2405"]
[BlackElo "2295"]

1.Nf3 Nf6 2.c4 c5 3.Nc3 e6 4.g3 b6 5.Bg2 Bb7 6.O-O d6 7.d4 cxd4 8.Qxd4 a6
9.Bg5 Nbd7 10.Nd2 Bxg2 11.Kxg2 Qc7 12.Nde4 Be7 13.Rfd1 O-O 14.Nxf6+ Nxf6
15.Rac1  1/2-1/2

[Event "Copenhagen op"]
[Site "Copenhagen"]
[Date "1989.??.??"]
[Round "7"]
[White "Hansen, Lars Bo"]
[Black "Stein, Bernd"]
[Result "1/2-1/2"]
[WhiteElo "2540"]
[BlackElo "2375"]

1.Nf3 c5 2.c4 Nf6 3.Nc3 d5 4.cxd5 Nxd5 5.d4 cxd4 6.Qxd4 Nxc3 7.Qxc3 Nc6 8.e4 e6
9.Bb5 Bd7 10.O-O Qb6 11.Ba4 Qc5 12.Qb3 Qb4 13.Qc2 Qc5 14.Qe2 a6 15.a3 b5
16.b4 Qh5 17.Bb3 Be7 18.Rd1 Ne5 19.Bf4 Nxf3+ 20.Qxf3 Qxf3 21.gxf3 Rc8 22.Rac1 Rc6
23.Rxc6 Bxc6 24.Bd6 Bd8 25.Kf1 Rg8 26.Ke2 Kd7 27.Be5+ Kc8 28.Rg1 g6 29.Ke3 Re8
30.f4 Kb7 31.f3 a5 32.Bd4 axb4 33.axb4 Be7 34.Ra1 Ra8 35.Rxa8 Kxa8 36.Bc5 Bf6
37.Bd4 Be7 38.Bc5 Bf6 39.Bd4  1/2-1/2

[Event "Copenhagen Obro op"]
[Site "Copenhagen"]
[Date "1989.??.??"]
[Round "8"]
[White "Tiberkov, Ivan"]
[Black "Bronnum, Jan"]
[Result "1/2-1/2"]
[WhiteElo "2295"]
[BlackElo "2260"]

1.Nf3 Nf6 2.c4 c5 3.Nc3 d5 4.cxd5 Nxd5 5.g3 Nc6 6.Bg2 Nc7 7.O-O e5 8.d3 Be7
9.Nd2 Bd7 10.Nc4 f6 11.f4 b5 12.Ne3 exf4 13.gxf4 O-O 14.Ned5 Nxd5 15.Bxd5+ Kh8
16.Nxb5 Nb4 17.Bxa8 Qxa8 18.Nc3 f5 19.a3 Nd5 20.Bd2 c4 21.Rf3 Bc6 22.dxc4 Bc5+
23.Kg2 Nf6 24.Nd5 Nxd5 25.cxd5 Bxd5 26.Bb4 Rd8 27.Qc2 Bxb4 28.axb4 Qb7 29.Rd1 Bxf3+
30.exf3 Rxd1 31.Qxd1 h6 32.Qd6 Qb5 33.Kg3 Kh7 34.Qe5 Qd7 35.b5 Qf7 36.Kf2 Qd7
37.Kg3 Qf7 38.Kg2 Qd7 39.Kh3 Qd3 40.Kg3 Qd7 41.h3 Qd3 42.Qc5 Qd7 43.b6 axb6
44.Qxb6 Qd2 45.Qf2 Qc1 46.b3 Qc3 47.Qa2 Qe1+ 48.Kg2 Qe3 49.Kg3  1/2-1/2

[Event "Debrecen"]
[Site "Debrecen"]
[Date "1989.??.??"]
[Round "?"]
[White "Uhlmann, Wolfgang"]
[Black "Ftacnik, Lubomir"]
[Result "0-1"]
[WhiteElo "2515"]
[BlackElo "2550"]

1.c4 c5 2.Nf3 Nf6 3.Nc3 e6 4.g3 b6 5.Bg2 Bb7 6.d4 cxd4 7.Qxd4 d6 8.O-O a6
9.e4 Nbd7 10.Qe3 Be7 11.b3 O-O 12.Nd4 Qc7 13.Bb2 Rfe8 14.Rfe1 Bf8 15.Re2 Rad8
16.Qd2 Qb8 17.Rd1 g6 18.Qe1 e5 19.Nc2 b5 20.cxb5 axb5 21.Nb4 Nc5 22.Bc1 Bg7
23.Bg5 Ba8 24.Ncd5 Nxd5 25.Nxd5 Bxd5 26.Bxd8 Bxb3 27.axb3 Rxd8 28.b4 Nb3
29.Ra2 Bh6 30.Qc3 Nd4 31.Rda1 Kg7 32.Bh3 Qb7 33.Qd3 Qc6 34.Bf1 d5 35.exd5 Qxd5
36.Bg2 Qc4 37.Qe4 Bg5 38.Bf1 Qxb4 39.Ra7 Qc3 40.Kg2 Qc5 41.h4 Bf6 42.Rb7 Nf5
43.Rxb5 Qc3 44.Ra7 Rd2 45.Qf3 Qxf3+ 46.Kxf3 e4+ 47.Kxe4 Rxf2 48.Bc4 Nd6+
49.Ke3 Nxc4+ 50.Kxf2 Bd4+ 51.Kf3 Bxa7 52.h5 Nd6 53.Rd5 Nf5 54.hxg6 hxg6 55.g4 Nd4+
56.Ke4 Ne6 57.Kf3 Kf6 58.Rd7 Bb8 59.Kg2 Be5 60.Kf3 Ng5+ 61.Kg2 Ke6 62.Ra7 Kd5
63.Ra4 f6 64.Kf2 Bd4+ 65.Kg3 Ke4 66.Ra6 Nf3 67.Ra4 f5 68.gxf5 gxf5 69.Kg2 f4
70.Ra8 Nd2 71.Re8+ Kd3 72.Rf8 Be3  0-1

[Event "DEN-chT8990"]
[Site "DEN"]
[Date "1989.??.??"]
[Round "1"]
[White "Kristiansen, Jens"]
[Black "Olesen, Martin"]
[Result "1-0"]
[WhiteElo "2445"]
[BlackElo "2270"]

1.c4 Nf6 2.Nc3 c5 3.Nf3 e6 4.g3 b6 5.Bg2 Bb7 6.O-O a6 7.b3 d6 8.Bb2 Be7 9.d4 cxd4
10.Nxd4 Bxg2 11.Kxg2 Qc7 12.e3 Nbd7 13.f4 g6 14.Qf3 Rc8 15.Rac1 O-O 16.g4 Ne8
17.h3 Ng7 18.f5 Ne5 19.Qe4 Bf6 20.Rc2 Rce8 21.fxg6 fxg6 22.Rcf2 Be7 23.Rxf8+ Rxf8
24.Rxf8+ Bxf8 25.Nf3 Nxf3 26.Qxf3 Ne8 27.Qa8 Nf6 28.Ne2 Qf7 29.Qc6 b5 30.Ng3 bxc4
31.bxc4 d5 32.g5 Nd7 33.cxd5 exd5 34.Qxa6 Nc5 35.Qf6 Qxf6 36.Bxf6 Kf7 37.Kf3 h6
38.h4 hxg5 39.hxg5 Ke6 40.Ne2 Nd7 41.Nf4+ Kf5 42.Nxd5 Ne5+ 43.Bxe5 Kxe5 44.Nf4 Ba3
45.e4  1-0

[Event "Dieren op"]
[Site "Dieren"]
[Date "1989.??.??"]
[Round "5"]
[White "Cifuentes Parada, Roberto"]
[Black "Belkhodja, Slim"]
[Result "1/2-1/2"]
[WhiteElo "2465"]
[BlackElo "2365"]

1.c4 Nf6 2.Nc3 c5 3.Nf3 e6 4.e4 d5 5.exd5 exd5 6.d4 Nc6 7.Bg5 Be7 8.Be2 O-O
9.O-O cxd4 10.Nxd4 h6 11.Be3 dxc4 12.Nxc6 bxc6 13.Bxc4 Qa5 14.Qa4 Qxa4 15.Nxa4 Bf5
16.Rac1 Rfd8 17.Bc5 Bxc5 18.Nxc5 Rd2 19.b4 Ne4 20.Bb3 Rd4 21.Nxe4 Bxe4 22.Rc4 Rxc4
23.Bxc4 a5 24.f3 Bf5 25.bxa5 Rxa5 26.Rc1 Kf8 27.Bb3 c5 28.Kf2 Bd3  1/2-1/2

[Event "Dieren op"]
[Site "Dieren"]
[Date "1989.??.??"]
[Round "8"]
[White "Cifuentes Parada, Roberto"]
[Black "Rodriguez, Amador"]
[Result "0-1"]
[WhiteElo "2465"]
[BlackElo "2515"]

1.c4 Nf6 2.Nc3 c5 3.Nf3 e6 4.e4 Nc6 5.Be2 d5 6.exd5 exd5 7.d4 Be7 8.O-O O-O
9.Be3 dxc4 10.dxc5 Ng4 11.Bf4 Bxc5 12.Ne4 Be7 13.Bxc4 Nf6 14.Nd6 Bg4 15.Nxb7 Qb6
16.Qb3 Bxf3 17.gxf3 Bb4 18.Bd6 Qxb7 19.Bxf8 Rxf8 20.Rad1 Na5 21.Bd5 Qb6 22.Qc2 Bd6
23.a3 Bb8 24.Ba2 Nc6 25.Kg2 Nh5 26.Qe4 Qc7 27.Rh1 Nf4+ 28.Kf1 Qb6 29.Rd2 Qa5
30.Rd1 Qg5 31.Rg1 Qh6 32.h4 Ne5 33.Rh1 Qf6 34.h5 Qg5 35.Rg1 Qh4 36.Rd4 Qh3+
37.Ke1 Nxf3+ 38.Kd1 Nxg1  0-1

[Event "Dieren op"]
[Site "Dieren"]
[Date "1989.??.??"]
[Round "9"]
[White "Bosman, Michiel"]
[Black "Lee, Graham D"]
[Result "0-1"]
[WhiteElo "2330"]
[BlackElo "2315"]

1.c4 Nf6 2.Nc3 c5 3.Nf3 b6 4.g3 Bb7 5.Bg2 e6 6.O-O a6 7.b3 Be7 8.Bb2 O-O
9.d4 cxd4 10.Nxd4 Bxg2 11.Kxg2 Qc7 12.e3 d6 13.f4 Re8 14.Qf3 Nbd7 15.Rfd1 Bf8
16.Rd2 Rac8 17.Rad1 h6 18.Kh1 Nc5 19.Re2 Red8 20.e4 Qb7 21.Nc2 b5 22.cxb5 axb5
23.Nb4 Rd7 24.Kg2 Rdc7 25.Nd3 Nfd7 26.Rdd2 Ra8 27.Nb4 Rac8 28.Qg4 d5 29.Ncxd5 exd5
30.Nxd5 Re8 31.Nxc7 Qxc7 32.Qf3 b4 33.e5 Ne6 34.f5 Ng5 35.Qg4 Qc6+ 36.Kf2 Bc5+
37.Bd4 Nxe5  0-1

[Event "Dortmund-C"]
[Site "Dortmund"]
[Date "1989.??.??"]
[Round "?"]
[White "Keitlinghaus, Ludger"]
[Black "Bernard, Christophe"]
[Result "1-0"]
[WhiteElo "2410"]
[BlackElo "2265"]

1.Nf3 Nf6 2.c4 c5 3.Nc3 e6 4.g3 Nc6 5.Bg2 Be7 6.O-O d5 7.cxd5 Nxd5 8.d4 O-O
9.Nxd5 exd5 10.dxc5 Bxc5 11.Bg5 f6 12.Bd2 Re8 13.Rc1 Bb6 14.e3 Kh8 15.Bc3 Bg4
16.h3 Bf5 17.Nd4 Be4 18.Bxe4 Rxe4 19.Nxc6 bxc6 20.Qf3 Qd7 21.Kg2 Rae8 22.Rcd1 Kg8
23.Rd3 Qe6 24.a3 f5 25.Rfd1 g6 26.b4 Rc4 27.Ba1 a6 28.Bd4 Rb8 29.Bxb6 Rxb6
30.Rd4 Rc3 31.Qf4 Qe7 32.R1d3 Rxd3 33.Rxd3 Qe4+ 34.Qxe4 fxe4 35.Rc3 a5 36.bxa5 Ra6
37.f3 exf3+ 38.Kxf3 Kf7 39.Rb3 Rxa5 40.Rb7+ Ke6 41.Rxh7 Rxa3 42.Kf2 Ra2+
43.Kf3 c5 44.Rg7 Kf6 45.Rc7 Rc2 46.Rc6+ Kg7 47.h4 c4 48.g4 Rh2 49.Kg3 Re2
50.Kf4 Kf7 51.g5 Rh2 52.Ke5 Rxh4 53.Rc7+ Ke8 54.Kxd5 Rg4 55.Ke6 Re4+ 56.Kf6 Kd8
57.Rc5 Kd7 58.Kxg6 Kd6 59.Kf5 Rxe3 60.Rxc4 Kd7 61.Kf6  1-0

[Event "Edinburgh op"]
[Site "Edinburgh"]
[Date "1989.??.??"]
[Round "?"]
[White "Knott, Simon JB"]
[Black "Mannion, Stephen R"]
[Result "0-1"]
[WhiteElo "2355"]
[BlackElo "2290"]

1.c4 c5 2.Nf3 Nf6 3.Nc3 b6 4.d4 cxd4 5.Nxd4 Bb7 6.f3 Nc6 7.e4 d6 8.Be3 e6
9.Be2 Be7 10.O-O O-O 11.Rc1 a6 12.Qd2 Ne5 13.h3 Rc8 14.b3 Re8 15.Rfd1 Qc7
16.Bf1 Qb8 17.Qf2 Bd8 18.g4 Bc7 19.Bg2 h6 20.f4 Ng6 21.Nde2 Qa8 22.Ng3 Qb8
23.Nh5 Bd8 24.Nxf6+ Bxf6 25.Bxb6 e5 26.g5 hxg5 27.f5 Nf4 28.Bf1 g6 29.fxg6 fxg6
30.Be3 Kg7 31.Nd5 Rh8 32.Nxf6 Kxf6 33.c5 dxc5 34.Rxc5 Rxc5 35.Bxc5 Qc8 36.Bd6 Bxe4
37.Re1 Qc6 38.Qe3 Qxd6 39.Qxe4 Qc5+ 40.Qe3 Rc8 41.Qxc5 Rxc5 42.Rd1 a5 43.Rd8 e4
44.Re8 Kf5 45.Ba6 Nxh3+ 46.Kh2 g4 47.Bc8+ Kf4 48.Rf8+ Kg5 49.Re8 Nf4 50.Ba6 Rc2+
51.Kg1 g3  0-1

[Event "FRA-ch"]
[Site "?"]
[Date "1989.??.??"]
[Round "?"]
[White "Prie, Eric"]
[Black "Birmingham, Eric"]
[Result "1/2-1/2"]
[WhiteElo "2405"]
[BlackElo "2365"]

1.Nf3 c5 2.c4 Nf6 3.Nc3 e6 4.g3 b6 5.Bg2 Bb7 6.O-O Be7 7.b3 O-O 8.Bb2 d6
9.e3 Nbd7 10.Qe2 a6 11.Rfd1 Rc8 12.Rac1 Rc7 13.d3  1/2-1/2

[Event "FRA-ch"]
[Site "?"]
[Date "1989.??.??"]
[Round "?"]
[White "Villeneuve, Alain"]
[Black "Prie, Eric"]
[Result "1/2-1/2"]
[WhiteElo "2330"]
[BlackElo "2405"]

1.Nf3 c5 2.c4 Nf6 3.Nc3 b6 4.g3 Bb7 5.Bg2 e6 6.O-O d6 7.d4 cxd4 8.Nxd4 Bxg2
9.Kxg2 Qc8 10.Qd3 Nbd7 11.b3 Ne5 12.Qc2 Qb7+ 13.f3 Be7  1/2-1/2

[Event "FRA-ch"]
[Site "?"]
[Date "1989.??.??"]
[Round "?"]
[White "Adrian, Claude"]
[Black "Villeneuve, Alain"]
[Result "0-1"]
[WhiteElo "2250"]
[BlackElo "2330"]

1.c4 c5 2.Nf3 Nf6 3.Nc3 e6 4.g3 b6 5.Bg2 Bb7 6.O-O d6 7.Re1 Nbd7 8.e4 Be7
9.d4 cxd4 10.Nxd4 Qb8 11.Qe2 O-O 12.Be3 a6 13.Rac1 Qc7 14.b3 Rfe8 15.g4 Nc5
16.f3 h6 17.Bf2 Ncd7 18.h4 Nh7 19.f4 g5 20.f5 Bf6 21.Red1 Be5 22.Nf3 Bxc3
23.Rxc3 exf5 24.hxg5 fxe4 25.Nd4 Nxg5 26.Nf5 Re6 27.Qd2 Ne5 28.Nxh6+ Rxh6
29.Qxg5+ Rg6 30.Qh5 Kg7 31.Rh3 Rg8 32.Bd4 Kf8 33.Bxe5 dxe5 34.Qh4 Rd6 35.Rf1 Qe7
36.Qh5 Rdg6 37.Rg3 Qg5 38.Qxg5 Rxg5 39.Rf6 R8g6 40.Rxg6 Rxg6 41.Kf2 f5  0-1

[Event "FRA-ch"]
[Site "?"]
[Date "1989.??.??"]
[Round "?"]
[White "Miralles, Gilles"]
[Black "Adrian, Claude"]
[Result "1-0"]
[WhiteElo "2445"]
[BlackElo "2250"]

1.Nf3 Nf6 2.c4 c5 3.Nc3 e6 4.g3 b6 5.Bg2 Bb7 6.O-O d6 7.e3 Be7 8.d4 Ne4 9.Ne2 Nd7
10.b3 O-O 11.Bb2 Qc7 12.Nf4 Ndf6 13.d5 g5 14.Ne2 exd5 15.cxd5 Bxd5 16.Nxg5 Qb7
17.Nf4 Bc6 18.Nxe4 Bxe4 19.Nh5 Nxh5 20.Qg4+  1-0

[Event "FRA-ch"]
[Site "?"]
[Date "1989.??.??"]
[Round "?"]
[White "Villeneuve, Alain"]
[Black "Nemirovski, Serge"]
[Result "0-1"]
[WhiteElo "2330"]
[BlackElo "2365"]

1.Nf3 c5 2.c4 Nf6 3.Nc3 e6 4.e3 d5 5.cxd5 exd5 6.d4 Nc6 7.Be2 Be7 8.O-O O-O
9.b3 Be6 10.Bb2 Rc8 11.Rc1 cxd4 12.Nxd4 Nxd4 13.Qxd4 Bc5 14.Qf4 Bd6 15.Qd4 Bc5
16.Qd3 Qe7 17.Nb5 Ne4 18.Nd4 Ba3 19.Rxc8 Rxc8 20.Ba1 Bd6 21.Bf3 Ng5 22.Bd1 Ne4
23.g3 Bh3 24.Re1 Bb4 25.Re2 Rc1 26.Nc2 Nc5 27.Qxd5 Qd7 28.Qxd7 Nxd7  0-1

[Event "FRA-ch"]
[Site "?"]
[Date "1989.??.??"]
[Round "?"]
[White "Vaisman, Volodia"]
[Black "Villeneuve, Alain"]
[Result "1/2-1/2"]
[WhiteElo "2370"]
[BlackElo "2330"]

1.Nf3 Nf6 2.c4 e6 3.Nc3 c5 4.g3 b6 5.Bg2 Bb7 6.O-O d6 7.Re1 Nbd7 8.e4 a6
9.d4 cxd4 10.Nxd4 Qc7 11.Be3 Be7 12.Rc1 O-O 13.f4 Rfe8 14.Bf2 h6  1/2-1/2

[Event "FRA-ch"]
[Site "?"]
[Date "1989.??.??"]
[Round "?"]
[White "Vaisman, Volodia"]
[Black "Prie, Eric"]
[Result "0-1"]
[WhiteElo "2370"]
[BlackElo "2405"]

1.Nf3 c5 2.c4 Nf6 3.Nc3 e6 4.g3 b6 5.Bg2 Bb7 6.O-O d6 7.b3 Be7 8.Bb2 O-O
9.d4 cxd4 10.Nxd4 Bxg2 11.Kxg2 Qc8 12.e3 Nbd7 13.f4 Re8 14.Qf3 Bf8 15.Rfd1 a6
16.Rac1 Ra7 17.h3 Rc7 18.g4 h6 19.Nde2 Qb8 20.h4 h5 21.g5 Ng4 22.Ng3 g6 23.Nge4 b5
24.Nxd6 Bxd6 25.Rxd6 bxc4 26.Ne4 cxb3 27.Rxc7 Qxc7 28.axb3 Rb8 29.Rc6 Qa5
30.Rc3 Nb6 31.Nf6+ Nxf6 32.gxf6 Nd5 33.Rd3 Qa2 34.Qe2 Rxb3 35.Rxb3 Qxb3 36.Bd4 a5
37.Kf3 a4 38.Qa6 Qd1+ 39.Ke4 Qh1+ 40.Ke5 Qxh4 41.Kd6 Nxe3 42.Bxe3 Qxf6 43.Kd7 Qf5
44.Qxa4 e5+ 45.Ke7 Qe6+ 46.Kd8 Qd6+ 47.Ke8 exf4 48.Bxf4 Qe6+ 49.Kd8 g5 50.Bc1 f6
51.Ba3 Kf7 52.Qa7+ Kg6 53.Bf8 h4 54.Qg7+ Kf5 55.Be7 h3 56.Qh7+ Kg4 57.Qh6 Kg3
58.Bxf6 Qd5+ 59.Ke7 h2 60.Bxg5 h1=Q 61.Bf4+ Kg4  0-1

[Event "FRA-chT"]
[Site "?"]
[Date "1989.??.??"]
[Round "?"]
[White "Bibikoff, M."]
[Black "Berthelot, Yannick"]
[Result "0-1"]
[WhiteElo "1950"]
[BlackElo "2320"]

1.Nf3 c5 2.c4 Nf6 3.Nc3 d5 4.cxd5 Nxd5 5.g3 Nc6 6.Bg2 Nc7 7.O-O e5 8.d3 Be7
9.Bd2 O-O 10.Rc1 Bd7 11.Qc2 Rc8 12.Qb1 b6 13.Rfd1 f6 14.a3 Qe8 15.Re1 Be6
16.Ne4 Nb5 17.Bc3 Qf7 18.Ned2 Rfd8 19.Nc4 e4 20.Nfd2 exd3 21.exd3 Nbd4 22.Nf1 Bg4
23.Bxd4 Nxd4 24.Kh1 Bf3 25.Bxf3 Nxf3 26.Re3 Qd5 27.Qa2 Ng5+ 28.f3 Nxf3 29.Kg2 Ne5+
30.Kg1 b5  0-1

[Event "FRA-chT"]
[Site "?"]
[Date "1989.??.??"]
[Round "?"]
[White "Illescas Cordoba, Miguel"]
[Black "Herb, Pascal"]
[Result "0-1"]
[WhiteElo "2525"]
[BlackElo "2405"]

1.Nf3 Nf6 2.c4 e6 3.Nc3 c5 4.e4 Nc6 5.Be2 d5 6.exd5 exd5 7.d4 cxd4 8.Nxd4 Bc5
9.Nxc6 bxc6 10.cxd5 cxd5 11.O-O O-O 12.Bg5 Be6 13.Bf3 Rb8 14.Qc2 Be7 15.Rfd1 Qa5
16.Qa4 Qxa4 17.Nxa4 Rfc8 18.b3 Rc2 19.Rdc1 Rbc8 20.Rxc2 Rxc2 21.Bd1 Rc8 22.Rc1 Rxc1
23.Bxc1 Bd7 24.Nc3 Bc5 25.Bf3 Bc6 26.Nd1 Ne4 27.Bxe4 dxe4 28.Be3 Bxe3 29.Nxe3 g6
30.Kf1 f5 31.g3 Kf7 32.Ke2 Ke6 33.Kd2 g5 34.Kc3 f4 35.Nc4 Kd5 36.gxf4 gxf4
37.a4 h5 38.Nb2 Bd7 39.b4 Bh3 40.b5 Bf1 41.Kd2 Kd4 42.Ke1 Bc4 43.Kd2 h4 44.Nd1 Bd3
45.Nb2 Bf1 46.Ke1 Bc4 47.Kd2 Kc5 48.Kc3 Be2 49.Kd2 Bf1 50.Kc3 e3 51.fxe3 fxe3
52.h3 Bxh3 53.Nd3+ Kb6 54.Nf4 Bd7 55.Kd3 Ka5 56.Kxe3 Kxa4 57.Kf2 Kxb5 58.Ng6 h3
59.Nf4 Kc4  0-1

[Event "FRA-chT"]
[Site "?"]
[Date "1989.??.??"]
[Round "?"]
[White "Cerisier, Philippe"]
[Black "Adrian, Claude"]
[Result "1-0"]
[WhiteElo "2275"]
[BlackElo "2270"]

1.c4 Nf6 2.Nc3 c5 3.Nf3 e6 4.g3 b6 5.Bg2 Bb7 6.O-O a6 7.d4 cxd4 8.Qxd4 d6
9.Bg5 Nbd7 10.Nd2 Bxg2 11.Kxg2 Be7 12.Nde4 Qc7 13.Rfd1 O-O 14.Rac1 Rad8 15.f3 Qb8
16.Rc2 h6 17.Nxf6+ Nxf6 18.Be3 b5 19.cxb5 axb5 20.Qb4 Rd7 21.Qxb5 Rb7 22.Qd3 Rxb2
23.Rxb2 Qxb2 24.Rb1 Qa3 25.Nd5 Ra8 26.Rb8+ Bf8 27.Ne7+ Kh8 28.Rxf8+  1-0

[Event "FRA-chT"]
[Site "?"]
[Date "1989.??.??"]
[Round "?"]
[White "Mercier, Jean Pierre"]
[Black "Collet, B."]
[Result "1-0"]
[WhiteElo "2255"]
[BlackElo "2010"]

1.Nf3 Nf6 2.c4 g6 3.Nc3 c5 4.d4 cxd4 5.Nxd4 Bg7 6.e4 d6 7.f3 Nc6 8.Be3 Nxd4
9.Bxd4 Be6 10.Qd2 Qa5 11.Rc1 O-O 12.Be2 Rfc8 13.b3 Qh5 14.Be3 Qh4+ 15.g3 Qh3
16.Kf2 Qh5 17.Bg5 b5 18.Nxb5 Rc5 19.h4 h6 20.Be3 Rcc8 21.Nxa7 Re8 22.Nb5 Rec8
23.a4 Nd7 24.g4  1-0

[Event "Frunze"]
[Site "Frunze"]
[Date "1989.??.??"]
[Round "?"]
[White "Yurtaev, Leonid"]
[Black "Moldobaev, Emil"]
[Result "1/2-1/2"]
[WhiteElo "2505"]
[BlackElo "2360"]

1.Nf3 Nf6 2.c4 c5 3.Nc3 e6 4.g3 b6 5.Bg2 Bb7 6.O-O Be7 7.b3 a6 8.Bb2 Qc7
9.e3 O-O 10.Qe2 d6 11.Rfd1 Nbd7 12.Rac1 Ne4 13.Nxe4 Bxe4 14.d3 Bb7 15.d4 Rfe8
16.a3 Rac8 17.b4 Qb8 18.e4 cxd4 19.Nxd4 Bf8 20.Nb3 Qc7  1/2-1/2

[Event "Frunze"]
[Site "Frunze"]
[Date "1989.??.??"]
[Round "?"]
[White "Makarichev, Sergey"]
[Black "Moldobaev, Emil"]
[Result "1/2-1/2"]
[WhiteElo "2510"]
[BlackElo "2360"]

1.c4 c5 2.Nc3 Nf6 3.Nf3 e6 4.e3 Nc6 5.d4 d5 6.cxd5 exd5 7.Be2 cxd4 8.exd4 Be7
9.O-O O-O 10.Bg5 Be6 11.Ne5 Rc8 12.Nxc6 Rxc6 13.Bf3 Qa5  1/2-1/2

[Event "Dreszer op"]
[Site "Gdynia"]
[Date "1989.??.??"]
[Round "1"]
[White "Zolnierowicz, Krzysztof"]
[Black "Cybulak, Adam"]
[Result "1/2-1/2"]
[WhiteElo "2405"]
[BlackElo "2300"]

1.Nf3 Nf6 2.c4 c5 3.Nc3 d5 4.cxd5 Nxd5 5.e3 Nxc3 6.bxc3 Nc6 7.d4 cxd4 8.cxd4 e6
9.Bd3 Be7 10.O-O O-O 11.Bb2 b6 12.Bxh7+ Kxh7 13.Qc2+ Kg8 14.Qxc6 Rb8 15.e4 Bb7
16.Qc2 f5 17.Qb3 Bxe4 18.Qxe6+ Kh7 19.d5 Bxf3 20.gxf3 Bd6 21.Be5 Bxe5 22.Qxe5 Rf6
23.Rad1 Qd6 24.Rfe1 Rb7 25.Rd4 Qxe5 26.Rxe5 Rd7 27.Kf1 Kg6 28.Ke2 Rfd6 29.Ke3 Kf6
30.f4 g5 31.Rd2 Rc7 32.Kd4 b5 33.Ke3 Rc3+ 34.Rd3  1/2-1/2

[Event "Geneve YM"]
[Site "Geneve"]
[Date "1989.??.??"]
[Round "?"]
[White "Batchinsky, Stephane"]
[Black "Faure, Jean"]
[Result "1-0"]
[WhiteElo "2200"]
[BlackElo "2200"]

1.Nf3 Nf6 2.c4 e6 3.Nc3 c5 4.g3 Nc6 5.Bg2 d5 6.cxd5 exd5 7.d4 Be7 8.O-O O-O
9.dxc5 d4 10.Na4 Bf5 11.Nh4 Be6 12.Bd2 Nd7 13.Nf3 Nxc5 14.Nxc5 Bxc5 15.Ng5 Bf5
16.Qb3 Qd7 17.Rac1 Bb6 18.Rfe1 Rac8 19.Ne4 Be6 20.Qa3 Rfd8 21.Bf4 Ba5 22.Red1 Bb4
23.Qa4 Bd5 24.a3 Bf8 25.Qb5 Qf5 26.Qd3 g6 27.b4 a6 28.Nc5 Qxd3 29.Rxd3 Bxg2
30.Kxg2 Bxc5 31.Rxc5 Re8 32.Kf1 b6 33.Rc2 Re6 34.Rxd4 Rce8 35.Rdc4 Ne7 36.Bg5 f6
37.Bc1 Rd8 38.Rd2 Red6 39.Rxd6 Rxd6 40.Ke1  1-0

[Event "BL2-SW8889"]
[Site "Germany"]
[Date "1989.??.??"]
[Round "?"]
[White "Osieka, Udo"]
[Black "Schuh, Hubert"]
[Result "1/2-1/2"]
[WhiteElo "2235"]
[BlackElo "2360"]

1.c4 c5 2.Nf3 Nf6 3.Nc3 b6 4.g3 Bb7 5.Bg2 e6 6.O-O Be7 7.Re1 d5 8.cxd5 exd5
9.d4 O-O 10.Bf4 Nc6 11.dxc5 Bxc5 12.Bg5 h6 13.Bxf6 Qxf6 14.Qxd5 Rad8 15.Qh5 Rfe8
16.Rad1 Rxd1 17.Rxd1 Nd4 18.Nxd4 Bxg2 19.Kxg2 Bxd4 20.Qf3 Qe5 21.Rd2 a6 22.Nd1 b5
23.e3 Bb6 24.a3 Ba5 25.Rd5 Qc7 26.h4 Rd8 27.Qe4 Bb6 28.Rxd8+ Qxd8 29.Nc3 Bc7
30.Qc6 Be5 31.Qe4 Bf6 32.Qc2 Qa8+ 33.e4 Bxc3 34.bxc3 f5 35.f3 fxe4 36.Qxe4 Qc8
37.Qd4 Qe6 38.Qd8+ Kh7 39.Qd3+ Kh8 40.Qd8+ Kh7 41.Qd3+ Kh8 42.Qc2 Qd6 43.a4 bxa4
44.Qxa4 Qd2+ 45.Kh3 Qxc3 46.Qxa6  1/2-1/2

[Event "BL2-S8889"]
[Site "Germany"]
[Date "1989.??.??"]
[Round "?"]
[White "Witke, Thomas"]
[Black "Roemer, Uli"]
[Result "0-1"]
[WhiteElo "2330"]
[BlackElo "2280"]

1.c4 c5 2.Nf3 Nf6 3.Nc3 e6 4.d4 cxd4 5.Nxd4 a6 6.e3 Be7 7.Be2 O-O 8.O-O d6
9.b3 b6 10.a4 Bb7 11.Bf3 Qc7 12.Ba3 Nbd7 13.Rc1 Rac8 14.Re1 Rfd8 15.Re2 Bxf3
16.Nxf3 Nc5 17.Rd2 Qb7 18.Qc2 d5 19.Rd4 dxc4 20.bxc4 Nfd7 21.h4 Bf6 22.Rb1 Qc7
23.Rg4 Ne5 24.Nxe5 Qxe5 25.Ne2 Qf5 26.Qxf5 exf5 27.Rf4 Nxa4 28.g3 g6 29.c5 b5
30.Rc1 Rd3 31.Bb4 Bb2 32.Rc2 Be5 33.c6 Rb3 34.Ba5 Rb2 35.Rxb2 Nxb2 36.Rb4 Nc4
37.Rxc4 bxc4 38.f4 Bb2 39.c7 Ba3 40.Nc3 Bd6 41.Nd5 Kf8 42.Kf2 f6 43.Kf3 Kf7
44.e4 Ke6 45.Bb6 c3  0-1

[Event "Gothenburg"]
[Site "Gothenburg"]
[Date "1989.??.??"]
[Round "1"]
[White "Kristiansen, Jens"]
[Black "Svenn, Gosta"]
[Result "1-0"]
[WhiteElo "2405"]
[BlackElo "2345"]

1.c4 c5 2.Nf3 Nf6 3.Nc3 e6 4.d4 cxd4 5.Nxd4 d5 6.cxd5 Nxd5 7.Bd2 Bc5 8.Nb3 Be7
9.g3 Bf6 10.Qc1 O-O 11.Bg2 b6 12.Nxd5 exd5 13.O-O Bg4 14.Bc3 Bxc3 15.Qxc3 Bxe2
16.Rfe1 Bg4 17.Nd4 Qd7 18.Re5 Be6 19.Nxe6 fxe6 20.Bh3 Kh8 21.Bxe6 d4 22.Qd3 Qe8
23.Bg8 Qg6 24.Qxg6 hxg6 25.Bd5 Nd7 26.Re4  1-0